000 00587nam a2200229Ia 4500
003 OSt
005 20221005114110.0
006 a|||||r|||| 00| 0
007 ta
008 221004b |||||||| |||| 00| 0 mal d
024 _a56337
037 _cTextual
040 _aCRL
_cCRL
_bmal
041 _2mal
_amal
082 _aO32,3M98,12, J8
100 _aPillai Neelakanta
_9625457
245 0 _aAnchu katalas
260 _c1958
650 _aMALAYALAM LITERATURE
_938866
942 _hO32,3M98,12, J8
_cTEXL
_2cc
999 _c1030245
_d1030245